Rap Songs by Artist - Statistics

General Stats
  • This quiz has been taken 70 times
    67 since last reset
  • The average score is 12 of 21
Answer Stats
Hint Answer % Correct
Not Like Us Kendrick Lamar
95%
Rap God Eminem
93%
SICKO MODE Travis Scott
93%
Empire State of Mind Jay-Z
89%
Drop It Like It’s Hot Snoop Dogg
84%
Stronger Kanye West
82%
Straight Outta Compton N.W.A.
79%
A Milli Lil’ Wayne
73%
Black and Yellow Wiz Khalifa
73%
Hit Em Up Tupac Shakur
70%
21 Questions 50 Cent
59%
Gettin’ Jiggy With It Will Smith
57%
Cobra Megan Thee Stallion
39%
Sucker MC’s Run D.M.C.
36%
Rapper’s Delight The Sugarhill Gang
36%
Donald Trump Mac Miller
34%
No Hands Waka Flocka Flame
32%
Protect Ya Neck Wu-Tang Clan
30%
Act A Fool Ludacris
25%
44 More Logic
23%
Suicidal Thoughts The Notorious B.I.G.
23%
No matching quizzes found
Score Distribution
Percent of People with Each Score
Percentile by Number Answered
Your Score History
You have not taken this quiz since the last reset